000 00974cam a22001934a 4500
005 20250605164232.0
008 250528s ||||||||||||||||||||||||d
035 _a21011
020 _a9789513948740
040 _aGR-AtMCL
_bgre
_dGR-AtMCL
_eAACR2
245 1 _aFlexicurity: Implications for Lifelong Career Guidance / Concept note commissioned by ELGPN
260 _bEuropean Lifelong Guidance Policy Network,
_c2012
300 _a16
520 _aThis concept note outlines the concept, examines why it is increasingly attractive to policy-makers across Europe, and explores some of the issues and debates related to the concepts. What is flexicurity, Why is flexicurity increasingly attractive to policy makers across Europe, What are some of the issues and debates around flexicurity, What are the policy implications of flexicurity for career guidance, Bibliography.
700 1 _aSultana Ronald G
_97032
942 _cBK
999 _c6087
_d6087